ZASADANIE PRACOVNEJ SKUPINY WELMEC WG 11 V BRATISLAVE

Bibliographic Details
Main Authors: Benková, Miroslava, 1963- (Author), Mikulecký, Ivan (Author)
Format: Article
Language:Slovak

MARC

LEADER 00000nab a2200000 a 4500
001 vtls010723714
003 SK-MaSNL
005 20260304191736.0
008 250709s2009 xo |||||||||||||||||slo|
035 |a (urnnbn)urn:nbn:sk:snk:ar-a04ui6 
035 |a (uuid)5de28c5f-b0be-48fd-877e-ccc402ec683f 
035 |a urn:nbn:sk:snk-ab3o18 
040 |a SNKBUCL  |b slo  |c SNKBUCL  |e AACR2 
041 0 |a slo 
044 |a xo  |c SK 
100 1 |a Benková, Miroslava,  |d 1963-  |4 aut  |9 164057 
245 1 0 |a ZASADANIE PRACOVNEJ SKUPINY WELMEC WG 11 V BRATISLAVE  |c Miroslava Benková, Ivan Mikulecký 
700 1 |a Mikulecký, Ivan  |4 aut  |9 289181 
773 0 |t Metrológia a skúšobníctvo : odborný časopis pre prax  |g Roč. 14, č. 1 (2009), s. 41-42 
850 |a Slovenská národná knižnica 
852 |a Slovenská národná knižnica 
954 |a odborná, vedecká literatúra pôvodná (slovenská)  |2 lita 
958 |a article1 
958 |a OND 
958 |a EUIPO 
999 |c 3056141  |d 3058071